000 00227nam a22001097a 4500
082 _a621.313PAL
100 _aPalani R
245 _aElectrical machine design
260 _aNew Delhi
_bWiley
_c1988
300 _a212
942 _cBK
999 _c14728
_d14728